| 000 | 01238cam a2200301 i 4500 | ||
|---|---|---|---|
| 001 | 18495833 | ||
| 003 | NUST - PNEC | ||
| 005 | 20170116181203.0 | ||
| 008 | 150218s2015 mdu b 001 0 eng | ||
| 010 | _a 2015000453 | ||
| 020 | _a9781475808780 (cloth : alk. paper) | ||
| 020 | _a9781475808797 (pbk. : alk. paper) | ||
| 040 |
_aDLC _beng _cLIBRARY _erda _dDLC |
||
| 042 | _apcc | ||
| 050 | 0 | 0 |
_aBF637.S4 _bB745 2015 |
| 082 | 0 | 0 |
_a158 BRI _223 |
| 100 | 1 |
_aBright, Neil, _d1949- |
|
| 245 | 1 | 0 |
_aRethinking everything : personal growth through transactional analysis / _cNeil Bright. |
| 260 |
_aU.S.A. _bRowman & Littlefield; _cc2015. |
||
| 300 |
_axvi, 217 pages ; _c23 cm |
||
| 504 | _aIncludes bibliographical references and index. | ||
| 650 | 0 |
_aSelf-actualization (Psychology) _xGeneral |
|
| 650 | 0 | _aTransactional analysis. | |
| 856 | _uhttp://www.amazon.com/Rethinking-Everything-Personal-Transactional-Analysis/dp/1475808798/ref=sr_1_1?s=books&ie=UTF8&qid=1455784928&sr=1-1&keywords=9781475808797 | ||
| 906 |
_a7 _bcbc _corignew _d1 _eecip _f20 _gy-gencatlg |
||
| 942 |
_2ddc _cBK |
||
| 999 |
_c71525 _d71525 |
||